000 00560nam a2200229Ia 4500
003 OSt
005 20221006151830.0
006 a|||||r|||| 00| 0
007 ta
008 221006b |||||||| |||| 00| 0 eng d
020 _c205.00
024 _a23,572
037 _cTextual
040 _aEASL
_cEASL
_beng
041 _2eng
_aeng
100 _aCHIANG Yang
_9660102
245 0 _aSix chapters of life of a cadre school
260 _an
_bWestview
_c1986
300 _a78p.
_ccm.
942 _cTEXL
_2CC
999 _c1091658
_d1091658